Normas Internacionais das Entidades Fiscalizadoras Superiores (ISSAI) : (Record no. 1480)
[ view plain ]
| 000 -LÍDER | |
|---|---|
| Campo Fixo de Controle | 00968nam a2200253 a 4500 |
| 001 - NÚMERO DE CONTROLE | |
| Campo de Controle | 1480 |
| 003 - IDENTIFICAÇÃO DO NÚMERO DE CONTROLE | |
| Campo de Controle | BR-CuiBMT |
| 005 - DATA E HORA DA ÚLTIMA ATUALIZAÇÃO | |
| Campo de Controle | 20231212122023.0 |
| 008 - DADOS FIXOS | |
| Dados Fixos | 230816s2017 bab 000 0 por d |
| 020 ## - INTERNATIONAL STANDARD BOOK NUMBER | |
| Nº do ISBN | 9788585524326 |
| 040 ## - AGÊNCIA CATALOGADORA | |
| Código da Agência Catalogadora | BR-CuiBMT |
| Agência que transcreveu o registro | BR-CuiBMT |
| 080 ## - Nº DA CLASSIFICAÇÃO DECIMAL UNIVERSAL | |
| Nº Class. CDU | 657.63 |
| Subd. Auxiliar Comum | (100) |
| Nº edição CDU | 2007 |
| 090 ## - NÚMERO DE CHAMADA | |
| Nº classificação | 657.63(100) |
| Cutter | I61n |
| 110 2# - ENTRADA PRINCIPAL -- ENTIDADE | |
| Nome da entidade ou lugar | International Organization of Supreme Audit Institutions. |
| 245 10 - TÍTULO PRINCIPAL | |
| Título principal | Normas Internacionais das Entidades Fiscalizadoras Superiores (ISSAI) : |
| Subtítulo | ISSAI 5600 : revisão por pares / |
| Indicação de responsabilidade | Organização Internacionais de Entidades Fiscalizadoras Superiores. |
| 260 ## - PUBLICAÇÃO, DISTRIBUIÇÃO, ETC. | |
| Local de publicação | Salvador : |
| Editora | Tribunal de Contas do Estado da Bahia, |
| Data | 2017. |
| 300 ## - DESCRIÇÃO FÍSICA | |
| N. páginas ou volumes | 68 p. ; |
| Dimensões | 23 cm |
| 490 1# - INDICAÇÃO DE SÉRIE | |
| Título da série | Série traduções ; |
| Volume/designação sequencial da série | v. 14 |
| 650 ## - ASSUNTO TÓPICO | |
| Cabeçalho tópico ou nome geográfico | Auditoria governamental |
| Subdivisão geral | Normas internacionais |
| 650 ## - ASSUNTO TÓPICO | |
| Cabeçalho tópico ou nome geográfico | Controle externo |
| Subdivisão geral | Auditoria internacional |
| 650 ## - ASSUNTO TÓPICO | |
| Cabeçalho tópico ou nome geográfico | Administração pública |
| Subdivisão geral | Normas |
| Subdivisão geográfica | Austrália |
| 830 #0 - ENTRADA SECUNDÁRIA DE SÉRIE -- TÍTULO UNIFORME | |
| Título uniforme | Traduções ; |
| Nº do volume/designação sequencial da série | 14 |
| 942 ## - ELEMENTOS DE ENTRADA ADICIONAIS (KOHA) | |
| Fonte de classificação ou esquema de arquivamento | Classificação Decimal Universal |
| Tipo de item do Koha | Livros |
| Estado: removido | Estado: perdido | Fonte de classificação ou esquema de arquivamento | Estado: danificado | Indisponível para empréstimo | Localização permanente | Localização atual | Data de aquisição | Total Checkouts | Número de Chamada completo | Código de barras | Date last seen | Número do exemplar | Preço efetivo a partir de | Tipo de item (Koha) |
|---|---|---|---|---|---|---|---|---|---|---|---|---|---|---|
| Classificação Decimal Universal | Biblioteca da Escola Superior de Contas do TCE/MT | Biblioteca da Escola Superior de Contas do TCE/MT | 12/12/2023 | 657.63(100) I61n | BIBTCEMT23120384 | 12/12/2023 | Ex. 1 | 12/12/2023 | Livros |